Элементарная математика с точки зрения высшей (Запись № 30294)
[ простой вид ]
| 000 -МАРКЕР | |
|---|---|
| контрольное поле | 01091nam a2200229 ca4500 |
| 001 - КОНТРОЛЬНЫЙ НОМЕР ЗАПИСИ | |
| контрольное поле | 000030294 |
| 003 - ПРИНАДЛЕЖНОСТЬ КОНТРОЛЬНОГО НОМЕРА | |
| контрольное поле | RuMoIPM |
| 005 - ДАТА И ВРЕМЯ ПОСЛЕДНЕЙ ТРАНЗАКЦИИ | |
| контрольное поле | 20260413132600.0 |
| 008 - ЭЛЕМЕНТЫ ДАННЫХ ФИКСИРОВАННОЙ ДЛИНЫ | |
| контрольное поле | 111009s1935----ur | c rus |
| 040 ## - ОРГАНИЗАЦИЯ-СОЗДАТЕЛЬ ЗАПИСИ | |
| организация-создатель исходной библиографической записи | RuMoIPM |
| язык каталогизации | rus |
| правила каталогизации | rcr |
| 041 1# - КОД ЯЗЫКА | |
| код языка текста | Русский |
| код языка оригинала и/или промежуточных переводов текста | ger |
| 044 ## - КОД СТРАНЫ ПУБЛИКАЦИИ/ИЗГОТОВЛЕНИЯ | |
| MARC код страны публикации/изготовления | Российская Федерация |
| 080 ## - ИНДЕКС УНИВЕРСАЛЬНОЙ ДЕСЯТИЧНОЙ КЛАССИФИКАЦИИ | |
| индекс Универсальной десятичной классификации | 51(07) |
| 100 1# - ИМЯ ЛИЦА КАК ОСНОВНОЙ ПОИСКОВЫЙ ПРИЗНАК | |
| имя лица | Клейн, Феликс |
| 245 1# - ОБЛАСТЬ ЗАГЛАВИЯ И СВЕДЕНИЙ ОБ ОТВЕТСТВЕННОСТИ | |
| заглавие | Элементарная математика с точки зрения высшей |
| сведения, относящиеся к заглавию, и т. д | Лекции, читанные в Геттингенском университете |
| сведения об ответственности и т. д | Ф. Клейн ; Пер. с нем. Д. А. Крыжановского ; Под ред. В. Ф. Кагана |
| 250 ## - ОБЛАСТЬ ИЗДАНИЯ | |
| сведения об издании | 3-е изд. |
| 260 ## - ОБЛАСТЬ ВЫХОДНЫХ ДАННЫХ | |
| место публикации, распространения, изготовления и т. д | Москва |
| -- | Ленинград |
| издательство, издатель, распространитель и т. д | ОНТИ |
| дата издания, распространения и т. д | 1935- |
| 500 ## - ПРИМЕЧАНИЕ ОБЩЕГО ХАРАКТЕРА | |
| текст примечания | На обороте тит. л.: "Felix Klein. Elementarmathematik vom höheren Standpunkte aus. Ausgearbeitet von E. Hellinger. 3 Auflage ... Berlin. Verlag von Julius Springer, 1924" |
| 700 1# - ИМЯ ЛИЦА КАК ДОБАВОЧНЫЙ ПОИСКОВЫЙ ПРИЗНАК | |
| имя лица | Крыжановский, Дмитрий Антонович |
| роль лица относительно произведения | пер. |
| 700 1# - ИМЯ ЛИЦА КАК ДОБАВОЧНЫЙ ПОИСКОВЫЙ ПРИЗНАК | |
| имя лица | Каган, Вениамин Федорович |
| роль лица относительно произведения | ред. |
| 942 ## - ДАННЫЕ О ЗАПИСИ (KOHA) | |
| Тип экземпляра (KOHA) | Книга |
Нет доступных экземпляров.